000 01892nam0a2200385 4500
001 RU\NLR\BIBL_A\012482477
005 20260408154814.0
010 _a978-5-6044115-8-2
_9100
021 _aRU
_b2020-54933
_9КН-П-4094
035 _a(NLR Aleph) 012482477
035 _a(RuMoRGB)010427838
090 _a12137649
_c12137649
100 _a20210323d2020 k y0rusy50 ca
101 0 _aeng
102 _aRU
105 _aa j 000zy
181 0 _ai
_baxxe
182 0 _an
200 1 _aCytology. Embryology. Tissues
_eguide book for students of medical institute
_fE. N. Morozova, V. N. Morozov
_gFederal state autonomous institution of higher education "Belgorod state national research university", Medical institute
203 _aТекст
_bвизуальный
_cнепосредственный
210 _aBelgorod
_cЭпицентр
_d2020
215 _a154 с.
_cил.
_d20
320 _aБиблиогр.: с. 154 (7 назв.)
540 1 _aЦитология. Эмбриология. Ткани.
606 1 _aЧеловек
_jУчебные издания для высших учебных заведений
_xЦитология
_92579725
_3RU\NLR\AUTH\661525113
606 1 _aЧеловек
_jУчебные издания для высших учебных заведений
_xЭмбриология
_92087956
_3RU\NLR\AUTH\661567648
606 _aТкани (биол.)
_jУчебные издания для высших учебных заведений
_3RU\NLR\AUTH\66130974
_91132876
686 1 _aЕ866я73
686 1 _aЕ83я73
700 1 _4220
_7ba
_8rus
_aMorozova
_bE.N.
_cканд. мед. наук
_gElena Nikolaevna
_9198480
_3RU\NLR\AUTH\770198531
701 1 _7ba
_8rus
_aMorozov
_bV. N.
_cканд. мед. наук
_gVitalij Nikolaevič
_9198469
_3RU\NLR\AUTH\770198520
942 _cBOOK
980 _aNB